000 00580nam a22002057a 4500
005 20240305113124.0
008 240305b ||||| |||| 00| 0 eng d
040 _cAL
041 _aeng
082 _223
_a658.8
_bMARK
100 _aJaideep R Nambiar
_9152851
245 _aMarketing with Special Reference to BPL Household Products
260 _aMangalore
_bSt Aloysius College
_c1994
300 _a52p.
_bHB
_c29x22cm.
365 _2Management
650 _aProduction
_9152852
650 _aMarketing
_9152853
700 _aNAMBIAR (Jaideep R)
_9152854
942 _2ddc
_cPRO
999 _c230033
_d230033